000 00990cam a2200205 4500
001 WB3910-10
008 030311n2003 000 0 eng u
035 _a(Sirsi) u121585
245 _aSolar energy building projects
260 _c2003
490 _aDTI Press Release
_v(P/2003/149) 10 March 2003, (7)
520 _a18 varied building projects in England and Wales have been selected to share £2m government funding to fit solar panels to roofs and walls to generate power from sunlight. The projects will have a combined output of 565kWp, enough to meet the electricity needs of 140 homes. These are the third set of proposals under the DTI's £20m Photovoltaic Demonstration Programme. http://www.gnn.gov.uk/gnn/national.nsf/TI/CCF392F47AB4D38A80256CE50048EB86?opendocument
590 _aWB
650 _aSOLAR ENERGY
650 _aPHOTOVOLTAICS
650 _aSOLAR PANELS
650 _aRENEWABLE ENERGY
690 _aENVIRONMENTAL AND LAND CONSULTANCY-ENERGY
942 _n0
999 _c72275
_d72275